<?xml version="1.0" encoding="UTF-8"?>
<record
    xmlns:xsi="http://www.w3.org/2001/XMLSchema-instance"
    xsi:schemaLocation="http://www.loc.gov/MARC21/slim http://www.loc.gov/standards/marcxml/schema/MARC21slim.xsd"
    xmlns="http://www.loc.gov/MARC21/slim">

  <leader>00665nam a22002057a 4500</leader>
  <datafield tag="999" ind1=" " ind2=" ">
    <subfield code="c">59</subfield>
    <subfield code="d">59</subfield>
  </datafield>
  <controlfield tag="003">OSt</controlfield>
  <controlfield tag="005">20251027105606.0</controlfield>
  <controlfield tag="008">230629b           ||||| |||| 00| 0 eng d</controlfield>
  <datafield tag="020" ind1=" " ind2=" ">
    <subfield code="a">978-0-367-23607-6</subfield>
  </datafield>
  <datafield tag="040" ind1=" " ind2=" ">
    <subfield code="c">NMSCST</subfield>
  </datafield>
  <datafield tag="082" ind1=" " ind2=" ">
    <subfield code="a">410.18 </subfield>
    <subfield code="b">A169 2020 c.1</subfield>
  </datafield>
  <datafield tag="100" ind1=" " ind2=" ">
    <subfield code="a">J. R. Martin.</subfield>
  </datafield>
  <datafield tag="245" ind1=" " ind2=" ">
    <subfield code="a">Accessing academic discourse: </subfield>
    <subfield code="b">systemic functional linguistics and legitimation code theory /</subfield>
    <subfield code="c">Edited by J. R. Martin, Karrl Maton, and Y.J. Doran.</subfield>
  </datafield>
  <datafield tag="260" ind1=" " ind2=" ">
    <subfield code="a">London :</subfield>
    <subfield code="b">Routledge, </subfield>
    <subfield code="c">c2020.</subfield>
  </datafield>
  <datafield tag="300" ind1=" " ind2=" ">
    <subfield code="a">xi, 315 pages :</subfield>
    <subfield code="b">illustrations.</subfield>
  </datafield>
  <datafield tag="500" ind1=" " ind2=" ">
    <subfield code="a">Includes references and index. </subfield>
  </datafield>
  <datafield tag="700" ind1=" " ind2=" ">
    <subfield code="a">Maton, Karrl. </subfield>
  </datafield>
  <datafield tag="700" ind1=" " ind2=" ">
    <subfield code="a">Doran, Y.J. </subfield>
  </datafield>
  <datafield tag="942" ind1=" " ind2=" ">
    <subfield code="2">ddc</subfield>
    <subfield code="c">CIR</subfield>
  </datafield>
  <datafield tag="952" ind1=" " ind2=" ">
    <subfield code="0">0</subfield>
    <subfield code="1">0</subfield>
    <subfield code="2">ddc</subfield>
    <subfield code="4">0</subfield>
    <subfield code="7">0</subfield>
    <subfield code="a">CL</subfield>
    <subfield code="b">CL</subfield>
    <subfield code="c">RES</subfield>
    <subfield code="d">2023-06-29</subfield>
    <subfield code="h">9693</subfield>
    <subfield code="l">0</subfield>
    <subfield code="o">410.18  A169 2020 c.1</subfield>
    <subfield code="p">9693</subfield>
    <subfield code="r">2023-06-29</subfield>
    <subfield code="t">c.1</subfield>
    <subfield code="w">2023-06-29</subfield>
    <subfield code="y">CIR</subfield>
  </datafield>
  <datafield tag="952" ind1=" " ind2=" ">
    <subfield code="0">0</subfield>
    <subfield code="1">0</subfield>
    <subfield code="2">ddc</subfield>
    <subfield code="4">0</subfield>
    <subfield code="7">0</subfield>
    <subfield code="a">CL</subfield>
    <subfield code="b">CL</subfield>
    <subfield code="c">RES</subfield>
    <subfield code="d">2023-06-29</subfield>
    <subfield code="h">9694</subfield>
    <subfield code="l">0</subfield>
    <subfield code="o">410.18  A169 2020 c.2</subfield>
    <subfield code="p">9694</subfield>
    <subfield code="r">2023-06-29</subfield>
    <subfield code="t">c.2</subfield>
    <subfield code="w">2023-06-29</subfield>
    <subfield code="y">CIR</subfield>
  </datafield>
  <datafield tag="952" ind1=" " ind2=" ">
    <subfield code="0">0</subfield>
    <subfield code="1">0</subfield>
    <subfield code="2">ddc</subfield>
    <subfield code="4">0</subfield>
    <subfield code="7">0</subfield>
    <subfield code="a">CL</subfield>
    <subfield code="b">CL</subfield>
    <subfield code="c">RES</subfield>
    <subfield code="d">2023-06-29</subfield>
    <subfield code="h">9695</subfield>
    <subfield code="l">0</subfield>
    <subfield code="o">410.18  A169 2020 c.3</subfield>
    <subfield code="p">9695</subfield>
    <subfield code="r">2023-06-29</subfield>
    <subfield code="t">c.3</subfield>
    <subfield code="w">2023-06-29</subfield>
    <subfield code="y">CIR</subfield>
  </datafield>
  <datafield tag="952" ind1=" " ind2=" ">
    <subfield code="0">0</subfield>
    <subfield code="1">0</subfield>
    <subfield code="2">ddc</subfield>
    <subfield code="4">0</subfield>
    <subfield code="7">0</subfield>
    <subfield code="a">CL</subfield>
    <subfield code="b">CL</subfield>
    <subfield code="c">RES</subfield>
    <subfield code="d">2023-06-29</subfield>
    <subfield code="h">9696</subfield>
    <subfield code="l">0</subfield>
    <subfield code="o">410.18  A169 2020 c.4</subfield>
    <subfield code="p">9696</subfield>
    <subfield code="r">2023-06-29</subfield>
    <subfield code="t">c.4</subfield>
    <subfield code="w">2023-06-29</subfield>
    <subfield code="y">CIR</subfield>
  </datafield>
  <datafield tag="952" ind1=" " ind2=" ">
    <subfield code="0">0</subfield>
    <subfield code="1">0</subfield>
    <subfield code="2">ddc</subfield>
    <subfield code="4">0</subfield>
    <subfield code="7">0</subfield>
    <subfield code="a">CL</subfield>
    <subfield code="b">CL</subfield>
    <subfield code="c">RES</subfield>
    <subfield code="d">2023-06-29</subfield>
    <subfield code="h">9697</subfield>
    <subfield code="l">0</subfield>
    <subfield code="o">410.18  A169 2020 c.5</subfield>
    <subfield code="p">9697</subfield>
    <subfield code="r">2023-06-29</subfield>
    <subfield code="t">c.5</subfield>
    <subfield code="w">2023-06-29</subfield>
    <subfield code="y">CIR</subfield>
  </datafield>
</record>
